[Event "CZE-chT U18 Extraliga final-A 1819"]
[Site "Czech Republic"]
[Date "2019.04.14"]
[Round "11.2"]
[White "Otruba, Marek"]
[Black "Vojta, Jakub"]
[Result "0-1"]
[WhiteElo "2006"]
[BlackElo "2066"]
[PlyCount "74"]
[EventDate "2018.10.05"]
[EventType "team-tourn"]
[EventRounds "11"]
[EventCountry "CZE"]
[SourceTitle "EXT 2023"]
[Source "ChessBase"]
[SourceDate "2022.10.05"]
[SourceVersion "1"]
[SourceVersionDate "2022.10.05"]
[SourceQuality "1"]
[WhiteTeam "Ricany (U18)"]
[BlackTeam "Vlasim (U18)"]
[WhiteTeamCountry "CZE"]
[BlackTeamCountry "CZE"]

1. e4 c5 2. Nf3 d6 3. d4 cxd4 4. Nxd4 Nf6 5. Nc3 a6 6. g3 e5 7. Nde2 Be7 8. Bg2 0-0 9. a4 b6 10. 0-0 Bb7 11. Nd5 Nxd5 12. exd5 f5 13. b3 Nd7 14. c4 a5 15. f4 Bf6 16. Bb2 g6 17. Qc2 Nc5 18. Rab1 Qd7 19. Nc1 e4 20. Bxf6 Rxf6 21. Ne2 Qg7 22. Qd2 Bc8 23. Qe3 Bd7 24. Nd4 Rf7 25. Rf2 h6 26. Bf1 Raf8 27. Rd1 Qf6 28. Rfd2 Re8 29. Be2 Rg7 30. Kh1 Ree7 31. Rb1 g5 32. b4 axb4 33. Rxb4 gxf4 34. gxf4 Qh4 35. Rd1 Nd3 36. Bxd3 exd3 37. Ne6 Rxe6 0-1

[Event "CZE-chT U18 Extraliga final-A 1819"]
[Site "Czech Republic"]
[Date "2019.04.13"]
[Round "10.3"]
[White "Otruba, Marek"]
[Black "Babula, Vlastimil1111"]
[Result "1-0"]
[WhiteElo "2006"]
[BlackElo "1865"]
[PlyCount "77"]
[EventDate "2018.10.05"]
[EventType "team-tourn"]
[EventRounds "11"]
[EventCountry "CZE"]
[SourceTitle "EXT 2023"]
[Source "ChessBase"]
[SourceDate "2022.10.05"]
[SourceVersion "1"]
[SourceVersionDate "2022.10.05"]
[SourceQuality "1"]
[WhiteTeam "Ricany (U18)"]
[BlackTeam "Stare Mesto (U18)"]
[WhiteTeamCountry "CZE"]
[BlackTeamCountry "CZE"]

1. d4 Nf6 2. c4 g6 3. Nc3 Bg7 4. e4 d6 5. Nf3 0-0 6. Be2 e5 7. d5 Ne8 8. Bg5 f6 9. Bh4 Qd7 10. Nd2 f5 11. f3 Nf6 12. 0-0 f4 13. b4 h6 14. c5 g5 15. Bf2 a6 16. Nc4 dxc5 17. bxc5 Ne8 18. Qb3 Qf7 19. Na5 Ra7 20. Bc4 Kh8 21. d6 Qg6 22. c6 b6 23. d7 Nxd7 24. cxd7 Bxd7 25. Bd5 g4 26. fxg4 Bxg4 27. Nc6 Bh3 28. g3 Ra8 29. Ne7 Qh5 30. Bxa8 Bxf1 31. Rxf1 f3 32. Qe6 Nf6 33. Bc6 Rf7 34. Ng6+ Qxg6 35. Be8 Re7 36. Qxe7 Qg4 37. Be3 Qh3 38. Rf2 Ng4 39. Bg6 1-0

[Event "CZE-chT U18 Extraliga final-A 1819"]
[Site "Czech Republic"]
[Date "2019.04.12"]
[Round "8.3"]
[White "Otruba, Marek"]
[Black "Ludvik, Tomas"]
[Result "1/2-1/2"]
[WhiteElo "2006"]
[BlackElo "2158"]
[PlyCount "133"]
[EventDate "2018.10.05"]
[EventType "team-tourn"]
[EventRounds "11"]
[EventCountry "CZE"]
[SourceTitle "EXT 2023"]
[Source "ChessBase"]
[SourceDate "2022.10.05"]
[SourceVersion "1"]
[SourceVersionDate "2022.10.05"]
[SourceQuality "1"]
[WhiteTeam "Ricany (U18)"]
[BlackTeam "Polabiny (U18)"]
[WhiteTeamCountry "CZE"]
[BlackTeamCountry "CZE"]

1. d4 d5 2. c4 c6 3. Nc3 Nf6 4. Nf3 e6 5. e3 Nbd7 6. Bd3 dxc4 7. Bxc4 b5 8. Bd3 Bb7 9. e4 b4 10. Na4 Be7 11. 0-0 0-0 12. Bg5 h6 13. Bh4 c5 14. Qe2 cxd4 15. e5 Nh5 16. Bg3 Nxg3 17. hxg3 Nb6 18. Nxb6 Qxb6 19. Rac1 Rac8 20. Bb1 Rxc1 21. Rxc1 Rd8 22. Qd3 g6 23. Rd1 Qc5 24. Qc2 Qxc2 25. Bxc2 Bc5 26. Kf1 Bb6 27. Ke2 Kg7 28. g4 f6 29. exf6+ Kxf6 30. Rh1 e5 31. Nd2 Kg7 32. f3 Rc8 33. Bd3 Bd5 34. Nb3 a5 35. Rc1 Re8 36. Nd2 Rd8 37. Nc4 Rb8 38. b3 Kf6 39. Nd2 Re8 40. Ne4+ Ke7 41. Nd2 Kf6 42. Ne4+ Kg7 43. Nd6 Re6 44. Ne4 Rc6 45. Rxc6 Bxc6 46. Nd6 Bc7 47. Be4 Bd7 48. Nc4 Kf6 49. g3 Kg5 50. Nb2 h5 51. gxh5 gxh5 52. Nd1 a4 53. Bd5 Bb5+ 54. Kd2 a3 55. Nf2 Kg6 56. Ne4 Bd7 57. Kd3 Bb5+ 58. Bc4 Bc6 59. Be6 Bd8 60. Nd2 Kf6 61. Bc8 Bd5 62. Ba6 Bb6 63. Bc4 Bc6 64. Ba6 Bd5 65. Bc4 Bc6 66. Ba6 Bd5 67. Bc4 1/2-1/2

[Event "CZE-chT2A 1819"]
[Site "Czech Republic"]
[Date "2019.03.31"]
[Round "11.7"]
[White "Turner, Radek"]
[Black "Otruba, Marek"]
[Result "1/2-1/2"]
[WhiteElo "2008"]
[BlackElo "2006"]
[PlyCount "114"]
[EventDate "2018.10.14"]
[EventType "team-tourn"]
[EventRounds "11"]
[EventCountry "CZE"]
[SourceTitle "EXT 2022"]
[Source "ChessBase"]
[SourceDate "2021.10.06"]
[SourceVersion "1"]
[SourceVersionDate "2021.10.06"]
[SourceQuality "1"]
[WhiteTeam "Line"]
[BlackTeam "Ricany"]
[WhiteTeamCountry "CZE"]
[BlackTeamCountry "CZE"]

1. c4 Nf6 2. g3 e6 3. Nf3 d5 4. b3 Be7 5. Bg2 0-0 6. 0-0 c5 7. Bb2 Nc6 8. e3 b6 9. d3 Bb7 10. Qe2 Qc7 11. Nc3 Rad8 12. Rac1 Qb8 13. Rfd1 Rd7 14. cxd5 Nxd5 15. Nxd5 Rxd5 16. Ne1 Rd7 17. d4 Qa8 18. dxc5 Rxd1 19. Rxd1 Rd8 20. cxb6 axb6 21. Rxd8+ Nxd8 22. Bxb7 Qxb7 23. Qc4 Bf8 24. Qd4 Nc6 25. Qe4 Qd7 26. Qd3 Qa7 27. a4 Qa5 28. Nc2 Ne5 29. Bxe5 Qxe5 30. Nd4 g6 31. Qc4 h5 32. h4 Qe4 33. Qc2 Qd5 34. Qc6 Qa5 35. Nf3 Qb4 36. Qe8 Qxb3 37. Ng5 Qb1+ 38. Kg2 Qf5 39. Qc8 Qc5 40. Qe8 Qe7 41. Qa8 Kg7 42. Ne4 Qb4 43. Qb7 Qxa4 44. Ng5 Qe8 45. Qxb6 Be7 46. Ne4 Qd8 47. Qxd8 Bxd8 48. Nc5 Ba5 49. e4 Kf6 50. Nd3 e5 51. Kf3 Bb6 52. g4 hxg4+ 53. Kxg4 Ke6 54. f3 f5+ 55. Kg5 Bd8+ 56. Kxg6 fxe4 57. fxe4 Bxh4 1/2-1/2

[Event "CZE-chT2A 1819"]
[Site "Czech Republic"]
[Date "2019.02.10"]
[Round "8.6"]
[White "Otruba, Marek"]
[Black "Havlik, Jindrich"]
[Result "1-0"]
[WhiteElo "2006"]
[BlackElo "2117"]
[PlyCount "57"]
[EventDate "2018.10.14"]
[EventType "team-tourn"]
[EventRounds "11"]
[EventCountry "CZE"]
[SourceTitle "EXT 2022"]
[Source "ChessBase"]
[SourceDate "2021.10.06"]
[SourceVersion "1"]
[SourceVersionDate "2021.10.06"]
[SourceQuality "1"]
[WhiteTeam "Ricany"]
[BlackTeam "Klatovy"]
[WhiteTeamCountry "CZE"]
[BlackTeamCountry "CZE"]

1. d4 e6 2. c4 c5 3. d5 exd5 4. cxd5 d6 5. Nc3 Ne7 6. Nf3 Ng6 7. g3 Be7 8. Bg2 0-0 9. 0-0 Bd7 10. a4 Na6 11. h4 Bf6 12. Ne4 Bf5 13. Nxf6+ Qxf6 14. Qb3 Qe7 15. h5 Nh8 16. h6 g6 17. e4 Bg4 18. Nh2 Bc8 19. e5 dxe5 20. Re1 Qd6 21. Nf3 f6 22. Nd2 Nf7 23. Ne4 Qd8 24. d6 Rb8 25. f4 Kh8 26. fxe5 Nxe5 27. Bf4 Bf5 28. Nxf6 Nd3 29. Nxh7 1-0

[Event "CZE-chT2A 1819"]
[Site "Czech Republic"]
[Date "2019.01.13"]
[Round "6.7"]
[White "Miskolczi, Vitezslav"]
[Black "Otruba, Marek"]
[Result "1-0"]
[WhiteElo "1989"]
[BlackElo "2006"]
[PlyCount "73"]
[EventDate "2018.10.14"]
[EventType "team-tourn"]
[EventRounds "11"]
[EventCountry "CZE"]
[SourceTitle "EXT 2022"]
[Source "ChessBase"]
[SourceDate "2021.10.06"]
[SourceVersion "1"]
[SourceVersionDate "2021.10.06"]
[SourceQuality "1"]
[WhiteTeam "Unichess Underground"]
[BlackTeam "Ricany"]
[WhiteTeamCountry "CZE"]
[BlackTeamCountry "CZE"]

1. e4 c5 2. Nf3 d6 3. d4 cxd4 4. Nxd4 Nf6 5. Nc3 a6 6. f3 e5 7. Nde2 Be6 8. Be3 Be7 9. Qd2 Nbd7 10. g4 0-0 11. g5 Nh5 12. 0-0-0 f5 13. gxf6 Ndxf6 14. Kb1 b5 15. Ng3 Nxg3 16. hxg3 b4 17. Nd5 Nxd5 18. exd5 Bf5 19. Bd3 Bxd3 20. Qxd3 g6 21. Rh6 Qe8 22. Rdh1 Rf7 23. Qd2 Rg7 24. g4 Qf7 25. R6h3 g5 26. Qd3 a5 27. Qb5 a4 28. Qxb4 Qxd5 29. b3 Qc6 30. Qe4 d5 31. Qxe5 Bf6 32. Rh6 Rg6 33. Qf5 Qc3 34. Qxd5+ Kf8 35. Qxa8+ Kf7 36. Qd5+ Ke8 37. Qe6+ 1-0

[Event "CZE-chT2A 1819"]
[Site "Czech Republic"]
[Date "2018.10.14"]
[Round "1.7"]
[White "Otruba, Marek"]
[Black "Vorisek, Jakub"]
[Result "1/2-1/2"]
[WhiteElo "2006"]
[BlackElo "2056"]
[PlyCount "78"]
[EventDate "2018.10.14"]
[EventType "team-tourn"]
[EventRounds "11"]
[EventCountry "CZE"]
[SourceTitle "EXT 2022"]
[Source "ChessBase"]
[SourceDate "2021.10.06"]
[SourceVersion "1"]
[SourceVersionDate "2021.10.06"]
[SourceQuality "1"]
[WhiteTeam "Ricany"]
[BlackTeam "Vlasim"]
[WhiteTeamCountry "CZE"]
[BlackTeamCountry "CZE"]

1. d4 d5 2. Nf3 c5 3. c4 e6 4. g3 Nc6 5. cxd5 exd5 6. Bg2 Nf6 7. Nc3 Be7 8. 0-0 0-0 9. dxc5 Bxc5 10. Na4 Be7 11. Be3 Bg4 12. Nd4 Rc8 13. h3 Bd7 14. Rc1 Nxd4 15. Qxd4 Qa5 16. Nc3 Bc5 17. Qd3 Bxe3 18. Qxe3 Qb4 19. Qd2 d4 20. Ne4 Qxd2 21. Nxd2 Rfe8 22. Rxc8 Rxc8 23. Rd1 Rc2 24. Nb3 Rxb2 25. Nc5 Bc6 26. Rxd4 h6 27. Bxc6 bxc6 28. Ra4 Rxe2 29. Rxa7 Rc2 30. Ra8+ Kh7 31. Ra5 Nd5 32. Nd3 f6 33. Rc5 Rd2 34. Ne1 Rxa2 35. Rxc6 Ra1 36. Re6 Kg6 37. Kg2 Kf5 38. Re8 g5 39. Nf3 Rd1 1/2-1/2